Vista normal
Vista MARC
Entrada Corporate Name
Número de registros utilizados en: 1
001 - CONTROL NUMBER
- control field: 41442
003 - CONTROL NUMBER IDENTIFIER
- control field: OSt
005 - DATE AND TIME OF LATEST TRANSACTION
- control field: 20211108171339.0
008 - FIXED-LENGTH DATA ELEMENTS
- fixed length control field: 211108|| aca||aabn | a|a d
040 ## - CATALOGING SOURCE
- Original cataloging agency: OSt
- Transcribing agency: OSt
110 ## - HEADING--CORPORATE NAME
- Corporate name or jurisdiction name as entry element: Departamento de teoría Económica
670 ## - SOURCE DATA FOUND
- Source citation: Work cat.: (OSt)8702: Dornbusch, Rudiger, 18036 autor, Macroeconomía / , ©1981